| 000 | 00463nam a2200145 a 4500 | ||
|---|---|---|---|
| 001 | 785 | ||
| 003 | CDMR | ||
| 005 | 20130116135158.0 | ||
| 008 | 130130s2003||||||||||||||||||||||||||||d | ||
| 040 |
_aCDMR _bcat _cCPC GIRONA |
||
| 110 | 2 |
_aGrup d'Exseminaristes _9614 |
|
| 245 | 1 | 0 |
_aDominus Vobiscum _bHistòria i vida del Seminari de Girona (del 1563 al 2003) _cGrup d'exseminaristes |
| 260 |
_c2003 _bJJ Comuincació i Grup d'Exalumnes del Seminari de Girona |
||
| 942 | _cMON | ||
| 999 |
_c785 _d785 |
||